[Event "Titled Tuesday intern op 21st Dec"]
[Site "Chess.com INT"]
[Date "2021.12.21"]
[Round "5"]
[White "Kusluvan, Yekaterina"]
[Black "Schut, Han"]
[Result "0-1"]
[WhiteElo "2112"]
[BlackElo "2101"]
[PlyCount "78"]
[EventDate "2021.12.21"]
[EventType "swiss (blitz)"]
[EventRounds "11"]
[EventCountry "USA"]
[SourceTitle "CBM 205 Extra"]
[Source "ChessBase"]
[SourceDate "2022.01.31"]
[SourceVersion "1"]
[SourceVersionDate "2022.01.31"]
[SourceQuality "1"]

1. e4 c5 2. Nf3 d6 3. d4 cxd4 4. Nxd4 Nf6 5. Nc3 g6 6. Be3 Bg7 7. f3 0-0 8. Qd2 Nc6 9. Bc4 Bd7 10. 0-0-0 Rc8 11. Bb3 Nxd4 12. Bxd4 b5 13. h4 b4 14. Nd5 Nxd5 15. Bxg7 Kxg7 16. Qxd5 a5 17. h5 a4 18. hxg6 fxg6 19. Bc4 Qc7 20. b3 Qc5 21. Qd2 h5 22. g4 Qe5 23. Kb1 a3 24. Qd4 Qxd4 25. Rxd4 hxg4 26. fxg4 Bxg4 27. Rg1 Bh5 28. Be6 Rb8 29. Rd2 Rf6 30. Bd5 Rbf8 31. Bc4 Rf2 32. Rxf2 Rxf2 33. Bd3 Kf6 34. Kc1 Ke5 35. Rg5+ Kd4 36. Rb5 Kc3 37. Rb8 Rh2 38. Rc8+ Kd4 39. Rc4+ Ke3 0-1

[Event "Titled Tuesday intern op 14th Dec"]
[Site "Chess.com INT"]
[Date "2021.12.14"]
[Round "8"]
[White "Kusluvan, Yekaterina"]
[Black "Dogan, Mire Deniz"]
[Result "0-1"]
[WhiteElo "2112"]
[BlackElo "1987"]
[PlyCount "48"]
[EventDate "2021.12.14"]
[EventType "swiss (blitz)"]
[EventRounds "11"]
[EventCountry "USA"]
[SourceTitle "EXT 2023"]
[Source "ChessBase"]
[SourceDate "2022.10.05"]
[SourceVersion "1"]
[SourceVersionDate "2022.10.05"]
[SourceQuality "1"]

1. e4 e6 2. d4 d5 3. Nd2 dxe4 4. Nxe4 Nd7 5. Nf3 Ngf6 6. Nxf6+ Nxf6 7. Bg5 Be7 8. Bd3 0-0 9. Qe2 c5 10. 0-0-0 cxd4 11. Nxd4 Qa5 12. h4 Qxa2 13. Nb3 a5 14. h5 a4 15. Bxf6 Bxf6 16. Qe4 Qxb2+ 17. Kd2 Qc3+ 18. Ke2 Qe5 19. Nc5 b6 20. Qxe5 Bxe5 21. Be4 Ra7 22. Nd3 Ba6 23. Kf3 Bxd3 24. Bxd3 a3 0-1

[Event "Titled Tuesday intern op 14th Dec"]
[Site "Chess.com INT"]
[Date "2021.12.14"]
[Round "1"]
[White "Kusluvan, Yekaterina"]
[Black "Jovic, Stanoje"]
[Result "1-0"]
[WhiteElo "2112"]
[BlackElo "2182"]
[PlyCount "95"]
[EventDate "2021.12.14"]
[EventType "swiss (blitz)"]
[EventRounds "11"]
[EventCountry "USA"]
[SourceTitle "EXT 2023"]
[Source "ChessBase"]
[SourceDate "2022.10.05"]
[SourceVersion "1"]
[SourceVersionDate "2022.10.05"]
[SourceQuality "1"]

1. e4 c6 2. d4 d5 3. Nd2 dxe4 4. Nxe4 Nf6 5. Ng3 h5 6. h4 Bg4 7. Be2 Nbd7 8. Nf3 Qc7 9. Bg5 0-0-0 10. Qd2 e5 11. 0-0-0 e4 12. Ng1 Bd6 13. Nh3 Rhe8 14. Bxg4 hxg4 15. Nf4 Nb6 16. b3 Nbd5 17. Nxd5 cxd5 18. Nf5 Ba3+ 19. Kb1 e3 20. fxe3 Ne4 21. Qd3 Nc3+ 22. Ka1 Nxd1 23. Rxd1 f6 24. Bf4 Qc6 25. Nxg7 Rh8 26. Nf5 b5 27. g3 Kb7 28. c4 dxc4 29. bxc4 b4 30. d5 Qb6 31. Nd4 a5 32. Nb5 Rc8 33. d6 Rc5 34. d7 Rxb5 35. cxb5 Rd8 36. Qd5+ Ka7 37. Qc6 b3 38. Bc7 b2+ 39. Kb1 Qxc6 40. bxc6 Be7 41. Bxd8 Bxd8 42. c7 Bxc7 43. d8Q Bxd8 44. Rxd8 f5 45. Rf8 Kb6 46. Rxf5 Kc6 47. Rg5 Kd6 48. Rxg4 1-0

[Event "Titled Tuesday intern op 14th Dec"]
[Site "Chess.com INT"]
[Date "2021.12.14"]
[Round "5"]
[White "Kusluvan, Yekaterina"]
[Black "Karavaeva, Olga"]
[Result "0-1"]
[WhiteElo "2112"]
[BlackElo "2260"]
[PlyCount "56"]
[EventDate "2021.12.14"]
[EventType "swiss (blitz)"]
[EventRounds "11"]
[EventCountry "USA"]
[SourceTitle "EXT 2023"]
[Source "ChessBase"]
[SourceDate "2022.10.05"]
[SourceVersion "1"]
[SourceVersionDate "2022.10.05"]
[SourceQuality "1"]

1. e4 c5 2. Nf3 e6 3. c3 Nf6 4. e5 Nd5 5. d4 cxd4 6. cxd4 d6 7. a3 b6 8. Bd3 Bb7 9. 0-0 Nd7 10. Re1 Be7 11. exd6 Bxd6 12. Ne5 0-0 13. Nc3 Nxc3 14. bxc3 Qc7 15. Bb2 g6 16. c4 Nxe5 17. dxe5 Bc5 18. Qe2 Rad8 19. h4 Bd4 20. Bxd4 Rxd4 21. h5 Qc6 22. f3 Qc5 23. Kf1 Rfd8 24. Rad1 Qxa3 25. hxg6 hxg6 26. Bc2 Qc3 27. Rxd4 Rxd4 28. Bd3 Qxd3 0-1

[Event "Pavlodar op"]
[Site "Pavlodar"]
[Date "2013.12.16"]
[Round "7"]
[White "Kakishev, Nazhmiden"]
[Black "Kusluvan, Yekaterina"]
[Result "0-1"]
[WhiteElo "1996"]
[BlackElo "2131"]
[PlyCount "31"]
[EventDate "2013.12.10"]
[EventType "swiss"]
[EventRounds "10"]
[EventCountry "KAZ"]
[SourceTitle "CBM 158 Extra"]
[Source "ChessBase"]
[SourceDate "2014.02.28"]
[SourceVersion "1"]
[SourceVersionDate "2014.02.28"]
[SourceQuality "1"]

1. d4 Nf6 2. c4 g6 3. d5 c6 4. Nc3 d6 5. e4 Bg7 6. Nf3 0-0 7. Be2 Nbd7 8. 0-0 Nc5 9. Qc2 Bd7 10. Bg5 a5 11. Rad1 Qc7 12. h3 Rac8 13. Qb1 a4 14. Rc1 Na6 15. Nxa4 cxd5 16. cxd5 0-1

[Event "Pavlodar op"]
[Site "Pavlodar"]
[Date "2013.12.12"]
[Round "4"]
[White "Egorov, Evgeni"]
[Black "Kusluvan, Yekaterina"]
[Result "1-0"]
[WhiteElo "2361"]
[BlackElo "2131"]
[PlyCount "101"]
[EventDate "2013.12.10"]
[EventType "swiss"]
[EventRounds "10"]
[EventCountry "KAZ"]
[SourceTitle "CBM 158 Extra"]
[Source "ChessBase"]
[SourceDate "2014.02.28"]
[SourceVersion "1"]
[SourceVersionDate "2014.02.28"]
[SourceQuality "1"]

1. d4 d5 2. c4 c6 3. Nf3 Nf6 4. e3 e6 5. Bd3 Nbd7 6. b3 Bd6 7. Bb2 Ne4 8. Bxe4 dxe4 9. Nfd2 f5 10. f4 exf3 11. Nxf3 Qe7 12. 0-0 0-0 13. Nbd2 c5 14. Qe2 e5 15. dxe5 Nxe5 16. Rae1 Bd7 17. e4 Nxf3+ 18. Nxf3 fxe4 19. Qxe4 Qxe4 20. Rxe4 Rae8 21. Rxe8 Bxe8 22. Rd1 Bf4 23. Be5 Bc6 24. Bxf4 Bxf3 25. gxf3 Rxf4 26. Kf2 Rf7 27. Rd8+ Rf8 28. Rd5 b6 29. Kg3 h6 30. f4 Rf7 31. h4 g6 32. h5 Kg7 33. hxg6 Kxg6 34. Kg4 Re7 35. Rd6+ Kg7 36. a4 Re3 37. Kf5 Rxb3 38. Rd7+ Kg8 39. Rxa7 Rc3 40. Kg6 Kf8 41. f5 Rf3 42. Rb7 Rg3+ 43. Kf6 Kg8 44. Rxb6 h5 45. a5 h4 46. a6 Ra3 47. Kg6 Rg3+ 48. Kh5 Kf7 49. Kxh4 Ra3 50. Kg5 Rg3+ 51. Kf4 1-0

[Event "Central Asia Cup 3rd"]
[Site "Dushanbe"]
[Date "2013.10.13"]
[Round "2"]
[White "Kusluvan, Yekaterina"]
[Black "Gevorgyan, Irina"]
[Result "0-1"]
[WhiteElo "2105"]
[BlackElo "2168"]
[PlyCount "72"]
[EventDate "2013.10.12"]
[EventType "swiss"]
[EventRounds "9"]
[EventCountry "TJK"]
[SourceTitle "EXT 2014"]
[Source "ChessBase"]
[SourceDate "2013.11.20"]
[SourceVersion "1"]
[SourceVersionDate "2013.11.20"]
[SourceQuality "1"]

1. e4 c5 2. Nf3 e6 3. c3 d5 4. exd5 Qxd5 5. d4 Nf6 6. Be3 cxd4 7. cxd4 Bb4+ 8. Nc3 0-0 9. Bd3 b6 10. 0-0 Bxc3 11. bxc3 Ba6 12. Bxa6 Nxa6 13. Qe2 b5 14. a4 Qc4 15. Rfe1 Qxe2 16. Rxe2 b4 17. c4 Rfc8 18. Rc1 Ne4 19. Bd2 Nd6 20. c5 Nf5 21. Rb1 Rd8 22. Re4 h6 23. Kf1 Ne7 24. Ke2 Rac8 25. Re3 Nc6 26. Rd3 e5 27. dxe5 Rxd3 28. Kxd3 Nxc5+ 29. Kc4 Nxa4 30. Kb5 Nc3+ 31. Bxc3 bxc3 32. Rc1 Ne7 33. Nd4 Nd5 34. Ne2 c2 35. Nd4 Nc3+ 36. Ka5 Rc4 0-1

[Event "Central Asia Cup 3rd"]
[Site "Dushanbe"]
[Date "2013.10.12"]
[Round "1"]
[White "Kostenko, Petr"]
[Black "Kusluvan, Yekaterina"]
[Result "1/2-1/2"]
[WhiteElo "2500"]
[BlackElo "2105"]
[PlyCount "120"]
[EventDate "2013.10.12"]
[EventType "swiss"]
[EventRounds "9"]
[EventCountry "TJK"]
[SourceTitle "EXT 2014"]
[Source "ChessBase"]
[SourceDate "2013.11.20"]
[SourceVersion "1"]
[SourceVersionDate "2013.11.20"]
[SourceQuality "1"]

1. e4 e5 2. Nf3 Nc6 3. Bc4 Bc5 4. c3 Nf6 5. d3 0-0 6. Nbd2 d5 7. exd5 Nxd5 8. 0-0 Nb6 9. Bb5 Bd6 10. Re1 Re8 11. Nc4 Nxc4 12. Bxc4 h6 13. a4 Be6 14. Bxe6 Rxe6 15. a5 Qd7 16. Qb3 Be7 17. Rd1 b6 18. axb6 cxb6 19. Be3 Rd8 20. Rd2 Rd6 21. Rad1 Bf6 22. h3 Qf5 23. Qa4 R8d7 24. b4 Nd8 25. d4 e4 26. Ne5 Bxe5 27. dxe5 Rxd2 28. Rxd2 Rxd2 29. Bxd2 Qxe5 30. Qxa7 Qd5 31. Be3 b5 32. Qb8 Kh7 33. Bc5 Qd3 34. Qc7 Qd5 35. h4 f6 36. Qb6 Qd7 37. Be3 Nf7 38. Bf4 Qd5 39. Qc7 h5 40. Qc5 Qxc5 41. bxc5 Nd8 42. Kf1 Kg6 43. Ke2 Nc6 44. Ke3 f5 45. Bd6 Kf6 46. Kf4 g6 47. Bc7 Ke6 48. Kg5 Kf7 49. g3 Ne7 50. Bd6 Nc6 51. g4 fxg4 52. Kf4 Kf6 53. Bc7 Ke6 54. Kxe4 Kd7 55. Bf4 Ke6 56. Bd6 Na5 57. Kf4 Nc6 58. Kg5 Kf7 59. Bc7 Ne7 60. Bd8 Nc6 1/2-1/2

[Event "Satka Autumn op (Women)"]
[Site "Satka"]
[Date "2013.09.11"]
[Round "9"]
[White "Kusluvan, Yekaterina"]
[Black "Bauyrzhan, Arnash"]
[Result "1-0"]
[WhiteElo "2098"]
[BlackElo "1904"]
[PlyCount "119"]
[EventDate "2013.09.03"]
[EventType "swiss"]
[EventRounds "9"]
[EventCountry "RUS"]
[SourceTitle "CBM 156 Extra"]
[Source "ChessBase"]
[SourceDate "2013.10.22"]
[SourceVersion "1"]
[SourceVersionDate "2013.10.22"]
[SourceQuality "1"]

1. e4 c5 2. Nf3 e6 3. d4 cxd4 4. Nxd4 a6 5. Bd3 Nc6 6. Nb3 Nf6 7. f4 h5 8. Nc3 d5 9. Qf3 Bb4 10. Bd2 d4 11. Ne2 Bxd2+ 12. Nxd2 Qa5 13. a3 e5 14. h3 h4 15. fxe5 Qxe5 16. Qf2 Be6 17. 0-0-0 0-0-0 18. Kb1 Rd7 19. Rhe1 Qa5 20. Nf3 Qb6 21. Nxh4 Rh5 22. Nf5 Bxf5 23. exf5 Nd5 24. c3 dxc3 25. Qxb6 Nxb6 26. Nxc3 Nd4 27. Re8+ Kc7 28. Rf1 Nc8 29. Re3 b5 30. g4 Rh8 31. Rd1 Nb6 32. Bf1 Rhd8 33. Red3 Nc4 34. Ne2 Nxf5 35. Rxd7+ Rxd7 36. Rxd7+ Kxd7 37. gxf5 Nd2+ 38. Kc2 Nxf1 39. Kd3 Kd6 40. Kd4 Nd2 41. Nf4 Nc4 42. Nd3 Ke7 43. a4 Nd6 44. a5 Nc4 45. b4 Kf6 46. Nc5 Kxf5 47. Nxa6 Kg5 48. Nc7 f5 49. Nxb5 f4 50. Kxc4 f3 51. Nc3 Kf4 52. Nd1 Kg3 53. a6 Kxh3 54. a7 g5 55. a8Q g4 56. Nf2+ Kg3 57. Nxg4 Kxg4 58. b5 Kg3 59. Qxf3+ Kxf3 60. b6 1-0

[Event "Izhevsk Corporation Cup 5th"]
[Site "Izhevsk"]
[Date "2013.07.16"]
[Round "5"]
[White "Poletaev, Vitaly"]
[Black "Kusluvan, Yekaterina"]
[Result "0-1"]
[WhiteElo "1999"]
[BlackElo "2077"]
[PlyCount "72"]
[EventDate "2013.07.11"]
[EventType "swiss"]
[EventRounds "9"]
[EventCountry "RUS"]
[SourceTitle "EXT 2014"]
[Source "ChessBase"]
[SourceDate "2013.11.20"]
[SourceVersion "1"]
[SourceVersionDate "2013.11.20"]
[SourceQuality "1"]

1. e4 e5 2. Bc4 Nf6 3. Nc3 Nc6 4. d3 Na5 5. Bb3 Nxb3 6. axb3 Be7 7. Be3 d5 8. Nxd5 Nxd5 9. exd5 Qxd5 10. Qf3 Qb5 11. Ne2 Bd7 12. Nc3 Qb4 13. 0-0 Bc6 14. Qe2 0-0 15. f4 exf4 16. Rxf4 Qd6 17. Ra5 Rae8 18. Ne4 Qe6 19. Qf2 b6 20. Raf5 Bd7 21. Bd4 Qg6 22. Re5 c5 23. Bc3 f5 24. Ng3 Bg5 25. Rf3 h5 26. Nf1 Rxe5 27. Bxe5 Bc6 28. Rh3 Re8 29. d4 cxd4 30. Bxd4 Re4 31. Rd3 Qe6 32. Qg3 Rg4 33. Qb8+ Kh7 34. Rg3 Qe4 35. Qd6 Rxg3 36. Qxg3 Qxd4+ 0-1

[Event "Izhevsk Corporation Cup 5th"]
[Site "Izhevsk"]
[Date "2013.07.14"]
[Round "3"]
[White "Alieva, Alexandra"]
[Black "Kusluvan, Yekaterina"]
[Result "0-1"]
[WhiteElo "1957"]
[BlackElo "2077"]
[PlyCount "54"]
[EventDate "2013.07.11"]
[EventType "swiss"]
[EventRounds "9"]
[EventCountry "RUS"]
[SourceTitle "EXT 2014"]
[Source "ChessBase"]
[SourceDate "2013.11.20"]
[SourceVersion "1"]
[SourceVersionDate "2013.11.20"]
[SourceQuality "1"]

1. e4 e5 2. Nf3 Nf6 3. Nc3 Nc6 4. d4 Bb4 5. Nxe5 Nxe4 6. Qg4 Nxc3 7. Qxg7 Rf8 8. Bh6 Nxd4 9. Bd3 Ne6 10. Qxh7 Qf6 11. Ng4 Qd4 12. Bxf8 Nxf8 13. Qh5 d5 14. Qe5+ Qxe5+ 15. Nxe5 Ne4+ 16. Ke2 Bd6 17. Bxe4 dxe4 18. Nc4 Bc5 19. h4 Be6 20. Nd2 f5 21. h5 Nh7 22. g4 fxg4 23. Nxe4 Bb6 24. Rag1 Kf7 25. b3 Re8 26. f3 Bd5 27. Re1 gxf3+ 0-1

[Event "Izhevsk Corporation Cup 5th"]
[Site "Izhevsk"]
[Date "2013.07.12"]
[Round "1"]
[White "Karpeshov, Oleg Mikhailovich"]
[Black "Kusluvan, Yekaterina"]
[Result "1-0"]
[WhiteElo "2370"]
[BlackElo "2077"]
[PlyCount "59"]
[EventDate "2013.07.11"]
[EventType "swiss"]
[EventRounds "9"]
[EventCountry "RUS"]
[SourceTitle "EXT 2014"]
[Source "ChessBase"]
[SourceDate "2013.11.20"]
[SourceVersion "1"]
[SourceVersionDate "2013.11.20"]
[SourceQuality "1"]

1. d4 Nf6 2. c4 g6 3. Nc3 d5 4. Nf3 Bg7 5. Qb3 dxc4 6. Qxc4 0-0 7. e4 Nc6 8. e5 Be6 9. exf6 Bxc4 10. fxg7 Kxg7 11. Bxc4 Nb4 12. 0-0 Nc2 13. Rb1 Nxd4 14. Nxd4 Qxd4 15. b3 e5 16. Bb2 c6 17. Rfe1 Rae8 18. Rbd1 Qg4 19. h3 Qf5 20. Ne4 f6 21. g4 Qc8 22. Nd6 Qb8 23. g5 fxg5 24. Rxe5 Kh6 25. h4 gxh4 26. Bc1+ Kg7 27. Nxe8+ Rxe8 28. Rd7+ Kf6 29. Bf4 g5 30. Rf7+ 1-0

[Event "Izmailov Memorial op 17th"]
[Site "Tomsk"]
[Date "2013.06.19"]
[Round "9"]
[White "Kusluvan, Yekaterina"]
[Black "Sinkin, Boris"]
[Result "1-0"]
[WhiteElo "2066"]
[BlackElo "1898"]
[PlyCount "40"]
[EventDate "2013.06.11"]
[EventType "swiss"]
[EventRounds "9"]
[EventCountry "RUS"]
[SourceTitle "EXT 2014"]
[Source "ChessBase"]
[SourceDate "2013.11.20"]
[SourceVersion "1"]
[SourceVersionDate "2013.11.20"]
[SourceQuality "1"]

1. e4 c5 2. Nf3 e6 3. d4 cxd4 4. Nxd4 a6 5. Bd3 Qc7 6. 0-0 Nf6 7. Qe2 Nc6 8. Nxc6 dxc6 9. e5 Nd5 10. c4 Ne7 11. Nc3 Ng6 12. f4 Bd7 13. Ne4 Rd8 14. c5 Nxe5 15. fxe5 Qxe5 16. Bf4 Bxc5+ 17. Kh1 Qd4 18. Rad1 Bc8 19. Bc4 Qxd1 20. Rxd1 Rxd1+ 1-0

[Event "Izmailov Memorial op 17th"]
[Site "Tomsk"]
[Date "2013.06.18"]
[Round "8"]
[White "Zakhartsov, Vladimir"]
[Black "Kusluvan, Yekaterina"]
[Result "1-0"]
[WhiteElo "2319"]
[BlackElo "2066"]
[PlyCount "73"]
[EventDate "2013.06.11"]
[EventType "swiss"]
[EventRounds "9"]
[EventCountry "RUS"]
[SourceTitle "EXT 2014"]
[Source "ChessBase"]
[SourceDate "2013.11.20"]
[SourceVersion "1"]
[SourceVersionDate "2013.11.20"]
[SourceQuality "1"]

1. c4 e5 2. g3 Nf6 3. Bg2 d5 4. cxd5 Nxd5 5. Nc3 Nb6 6. d3 Be7 7. Be3 0-0 8. Rc1 Nc6 9. Nf3 Re8 10. 0-0 Bf8 11. a3 Nd4 12. Nd2 Nf5 13. Bxb6 axb6 14. Nc4 c6 15. a4 Be6 16. Nxe5 Qd4 17. Nf3 Qb4 18. Qd2 Bb3 19. Qf4 Qxf4 20. gxf4 Bxa4 21. Bh3 Nd6 22. Ra1 Bb5 23. Rxa8 Rxa8 24. Nd4 Ba6 25. Ra1 g6 26. Nc2 f5 27. Bg2 Re8 28. Bxc6 bxc6 29. Rxa6 Nc8 30. Ra8 Kf7 31. Nd4 c5 32. Nc6 Bd6 33. e3 Ke6 34. Na7 Kd7 35. Nd5 Rf8 36. Nxc8 Kc6 37. Nce7+ 1-0

[Event "Izmailov Memorial op 17th"]
[Site "Tomsk"]
[Date "2013.06.13"]
[Round "3"]
[White "Kusluvan, Yekaterina"]
[Black "Puraev, Artemiy"]
[Result "0-1"]
[WhiteElo "2066"]
[BlackElo "2226"]
[PlyCount "84"]
[EventDate "2013.06.11"]
[EventType "swiss"]
[EventRounds "9"]
[EventCountry "RUS"]
[SourceTitle "CBM 154 Extra"]
[Source "ChessBase"]
[SourceDate "2013.06.25"]
[SourceVersion "2"]
[SourceVersionDate "2013.06.25"]
[SourceQuality "1"]

1. e4 e6 2. d4 d5 3. Nd2 Be7 4. Ngf3 Nf6 5. Bd3 c5 6. exd5 Qxd5 7. dxc5 Nbd7 8. 0-0 Nxc5 9. Bc4 Qh5 10. Re1 Ncd7 11. Nf1 b5 12. Ng3 Qc5 13. Bb3 0-0 14. Qe2 Qb6 15. c3 Bb7 16. Nd4 Bc5 17. Be3 Nd5 18. Bxd5 Bxd5 19. b4 Bxd4 20. Bxd4 Qc6 21. Qg4 f6 22. a3 Rf7 23. Rad1 e5 24. Nf5 Kh8 25. Bc5 Nxc5 26. bxc5 Be6 27. Rd6 Qc8 28. Red1 Bxf5 29. Qf3 Rf8 30. Qd5 h6 31. c6 Rb8 32. h3 Qc7 33. g4 Bg6 34. Rd7 Qb6 35. Qd6 Rbc8 36. Qe7 Rg8 37. c7 Be8 38. R1d6 Qc5 39. Ra6 Qxc3 40. Rdd6 Qxc7 41. Qe6 Qc1+ 42. Kg2 Bg6 0-1

[Event "Izmailov Memorial op 17th"]
[Site "Tomsk"]
[Date "2013.06.12"]
[Round "2"]
[White "Elsukov, Vladimir"]
[Black "Kusluvan, Yekaterina"]
[Result "0-1"]
[WhiteElo "1797"]
[BlackElo "2066"]
[PlyCount "120"]
[EventDate "2013.06.11"]
[EventType "swiss"]
[EventRounds "9"]
[EventCountry "RUS"]
[SourceTitle "CBM 154 Extra"]
[Source "ChessBase"]
[SourceDate "2013.06.25"]
[SourceVersion "2"]
[SourceVersionDate "2013.06.25"]
[SourceQuality "1"]

1. e4 e5 2. Nf3 Nc6 3. Bb5 a6 4. Ba4 Nf6 5. 0-0 Be7 6. Re1 b5 7. Bb3 d6 8. c3 0-0 9. h3 Nb8 10. d4 Nbd7 11. Nbd2 Bb7 12. Bc2 Re8 13. Nf1 Bf8 14. Ng3 g6 15. d5 c6 16. dxc6 Bxc6 17. Be3 Qc7 18. Nh2 Qb7 19. f3 d5 20. Qd2 dxe4 21. fxe4 Nc5 22. Ng4 Nxg4 23. hxg4 Nxe4 24. Nxe4 Bxe4 25. Bb3 Rad8 26. Qf2 Bd5 27. Bg5 Rd7 28. Rad1 Bxb3 29. axb3 Qc8 30. Qh4 h6 31. Bf6 Bg7 32. g5 Bxf6 33. gxf6 h5 34. Ra1 Rd6 35. Re4 Qd8 36. Rf1 Rd1 37. Rxd1 Qxd1+ 38. Kh2 Qxb3 39. Qg5 Qe6 40. g4 hxg4 41. Rxg4 e4 42. Rf4 Qe5 43. Qg3 Re6 44. Rf2 Qxg3+ 45. Kxg3 e3 46. Re2 Rxf6 47. Rxe3 Re6 48. Rd3 Kg7 49. b3 g5 50. c4 bxc4 51. bxc4 Rc6 52. Rd5 f6 53. c5 a5 54. Kf3 a4 55. Ke4 a3 56. Rd7+ Kg6 57. Kd5 Ra6 58. c6 a2 59. c7 Ra8 60. Rd8 a1Q 0-1

[Event "Izmailov Memorial op 17th"]
[Site "Tomsk"]
[Date "2013.06.11"]
[Round "1"]
[White "Kusluvan, Yekaterina"]
[Black "Shomoev, Anton"]
[Result "0-1"]
[WhiteElo "2066"]
[BlackElo "2565"]
[PlyCount "46"]
[EventDate "2013.06.11"]
[EventType "swiss"]
[EventRounds "9"]
[EventCountry "RUS"]
[SourceTitle "CBM 154 Extra"]
[Source "ChessBase"]
[SourceDate "2013.06.25"]
[SourceVersion "2"]
[SourceVersionDate "2013.06.25"]
[SourceQuality "1"]

1. e4 g6 2. d4 Bg7 3. Nf3 d6 4. Be2 Nf6 5. Nc3 0-0 6. 0-0 c6 7. h3 Qc7 8. Re1 e5 9. a4 Nbd7 10. Bf1 Re8 11. Be3 exd4 12. Bxd4 Ne5 13. Bxe5 dxe5 14. Bc4 Nh5 15. Qd2 Nf4 16. Ne2 Be6 17. Bxe6 Nxe6 18. Ng5 Rad8 19. Nxe6 Rxe6 20. Qe3 Qa5 21. Qb3 Re7 22. Red1 Red7 23. Nc3 Rxd1+ 0-1

[Event "Wch U18 Girls"]
[Site "Maribor"]
[Date "2012.11.14"]
[Round "7.24"]
[White "Protsyuk, Svitlana"]
[Black "Kusluvan, Yekaterina"]
[Result "0-1"]
[WhiteElo "1754"]
[BlackElo "2039"]
[PlyCount "46"]
[EventDate "2012.11.08"]
[EventType "swiss"]
[EventRounds "11"]
[EventCountry "SLO"]
[SourceTitle "EXT 2013"]
[Source "ChessBase"]
[SourceDate "2012.11.22"]
[SourceVersion "1"]
[SourceVersionDate "2012.11.22"]
[SourceQuality "1"]

1. e4 e5 2. Nf3 Nc6 3. d4 exd4 4. Nxd4 Nf6 5. Nxc6 bxc6 6. Nc3 Bb4 7. Bd2 0-0 8. Bd3 d5 9. 0-0 Ng4 10. exd5 cxd5 11. Nxd5 Bd6 12. g3 Bxg3 13. Ne7+ Qxe7 14. hxg3 Qe5 15. Qf3 Rb8 16. Bc3 Qg5 17. Qh1 f5 18. Rae1 Rb6 19. f4 Rd8 20. Bc4+ Kh8 21. Qg2 Bb7 22. Rd1 Bxg2 23. Rxd8+ Qxd8 0-1

[Event "Wch U18 Girls"]
[Site "Maribor"]
[Date "2012.11.12"]
[Round "5.20"]
[White "Kusluvan, Yekaterina"]
[Black "Delgado Ayala, Maria Adriana"]
[Result "1/2-1/2"]
[WhiteElo "2039"]
[BlackElo "1872"]
[PlyCount "46"]
[EventDate "2012.11.08"]
[EventType "swiss"]
[EventRounds "11"]
[EventCountry "SLO"]
[SourceTitle "EXT 2013"]
[Source "ChessBase"]
[SourceDate "2012.11.22"]
[SourceVersion "1"]
[SourceVersionDate "2012.11.22"]
[SourceQuality "1"]

1. e4 c5 2. Nf3 d6 3. d4 cxd4 4. Nxd4 Nf6 5. Nc3 g6 6. Be3 Bg7 7. f3 0-0 8. Qd2 Nc6 9. 0-0-0 d5 10. exd5 Nxd5 11. Nxc6 bxc6 12. Bc5 Re8 13. Ne4 Be6 14. Bc4 Qc7 15. g4 Red8 16. Qf2 Qb7 17. g5 h5 18. h4 a5 19. a4 Nf4 20. Bxe6 Nxe6 21. b3 Nxc5 22. Qxc5 Rd5 23. Qe3 Qb4 1/2-1/2

[Event "Wch U18 Girls"]
[Site "Maribor"]
[Date "2012.11.09"]
[Round "2.10"]
[White "Kusluvan, Yekaterina"]
[Black "Severina, Maria"]
[Result "0-1"]
[WhiteElo "2039"]
[BlackElo "2173"]
[PlyCount "98"]
[EventDate "2012.11.08"]
[EventType "swiss"]
[EventRounds "11"]
[EventCountry "SLO"]
[SourceTitle "EXT 2013"]
[Source "ChessBase"]
[SourceDate "2012.11.22"]
[SourceVersion "1"]
[SourceVersionDate "2012.11.22"]
[SourceQuality "1"]

1. e4 e5 2. Nf3 Nc6 3. Bb5 a6 4. Ba4 Nf6 5. 0-0 Be7 6. d3 b5 7. Bb3 d6 8. a4 Bg4 9. c3 0-0 10. Nbd2 Na5 11. Bc2 c5 12. h3 Bh5 13. Re1 Nc6 14. Nf1 Qc7 15. Ng3 Bg6 16. Nh4 d5 17. exd5 Nxd5 18. Nxg6 hxg6 19. Qf3 Rad8 20. Bb3 Nf4 21. axb5 Nxd3 22. Rd1 Nxc1 23. Rdxc1 axb5 24. Ra6 Rd6 25. Rca1 c4 26. Bc2 f5 27. b3 e4 28. Qe2 Ne5 29. bxc4 Rxa6 30. Rxa6 bxc4 31. Nf1 Bh4 32. Ne3 Kh7 33. Ra4 Qc5 34. Nxc4 Nxc4 35. Rxc4 Bxf2+ 36. Kf1 Qe3 37. Qxe3 Bxe3 38. Ke2 Bg5 39. Bb3 Bf6 40. Bc2 Rb8 41. Rb4 Rd8 42. Rc4 Bg5 43. Bb3 Rd2+ 44. Kf1 Rb2 45. Rb4 Rb1+ 46. Ke2 Rg1 47. Kf2 Rc1 48. Bc4 Rxc3 49. Be2 Bh4+ 0-1

[Event "Tashkent Hokim Cup 4th"]
[Site "Tashkent"]
[Date "2012.08.06"]
[Round "9"]
[White "Golubev, Roman"]
[Black "Kusluvan, Yekaterina"]
[Result "1-0"]
[WhiteElo "2170"]
[BlackElo "2036"]
[PlyCount "73"]
[EventDate "2012.07.29"]
[EventType "swiss"]
[EventRounds "9"]
[EventCountry "UZB"]
[SourceTitle "EXT 2024"]
[Source "ChessBase"]
[SourceDate "2023.10.10"]
[SourceVersion "1"]
[SourceVersionDate "2023.10.10"]
[SourceQuality "1"]

1. e4 e5 2. Nf3 Nc6 3. Bb5 a6 4. Ba4 Nf6 5. d3 d6 6. c3 g6 7. 0-0 Bg7 8. Re1 0-0 9. d4 b5 10. Bc2 Bb7 11. a4 exd4 12. Nxd4 Nxd4 13. cxd4 Re8 14. f3 c5 15. Be3 Nd7 16. Qd2 d5 17. dxc5 dxe4 18. Bxe4 Bxe4 19. fxe4 Rxe4 20. axb5 Nxc5 21. Bxc5 Rxe1+ 22. Qxe1 Bd4+ 23. Bxd4 Qxd4+ 24. Kh1 Qxb2 25. Rxa6 Rc8 26. Rc6 Ra8 27. Qc1 Qxb5 28. Rc8+ Rxc8 29. Qxc8+ Kg7 30. Qc3+ Kg8 31. Nd2 Qe2 32. h3 h5 33. Nf3 Qf2 34. Qf6 Qf1+ 35. Kh2 Qf2 36. Qd8+ Kh7 37. Qf8 1-0